<?xml version="1.0" encoding="UTF-8"?><?xml-stylesheet type="text/xsl" href="static/style.xsl"?><OAI-PMH xmlns="http://www.openarchives.org/OAI/2.0/" xmlns:xsi="http://www.w3.org/2001/XMLSchema-instance" xsi:schemaLocation="http://www.openarchives.org/OAI/2.0/ http://www.openarchives.org/OAI/2.0/OAI-PMH.xsd"><responseDate>2026-04-14T16:48:32Z</responseDate><request verb="GetRecord" identifier="oai:uvadoc.uva.es:10324/1027" metadataPrefix="marc">https://uvadoc.uva.es/oai/request</request><GetRecord><record><header><identifier>oai:uvadoc.uva.es:10324/1027</identifier><datestamp>2021-06-23T16:42:05Z</datestamp><setSpec>com_10324_30605</setSpec><setSpec>com_10324_894</setSpec><setSpec>col_10324_41</setSpec></header><metadata><record xmlns="http://www.loc.gov/MARC21/slim" xmlns:doc="http://www.lyncode.com/xoai" xmlns:xsi="http://www.w3.org/2001/XMLSchema-instance" xmlns:dcterms="http://purl.org/dc/terms/" xsi:schemaLocation="http://www.loc.gov/MARC21/slim http://www.loc.gov/standards/marcxml/schema/MARC21slim.xsd">
<leader>00925njm 22002777a 4500</leader>
<datafield tag="042" ind1=" " ind2=" ">
<subfield code="a">dc</subfield>
</datafield>
<datafield tag="720" ind1=" " ind2=" ">
<subfield code="a">Sáiz Llamosas, José Ramón</subfield>
<subfield code="e">author</subfield>
</datafield>
<datafield tag="260" ind1=" " ind2=" ">
<subfield code="c">2012</subfield>
</datafield>
<datafield tag="520" ind1=" " ind2=" ">
<subfield code="a">Objetivos: Conocer el perfil de salud, calidad de vida y la prevalencia de caídas de las personas mayores (65-75 años) que viven en la comunidad y evaluar el impacto de un programa de ejercicios de fisioterapia en personas con caídas.&#xd;
-Material y Métodos: Estudio descriptivo. Ensayo clínico aleatorizado doble ciego sobre los ancianos que han sufrido caídas. Dos grupos: de intervención (16 sesiones de fisioterapia en grupo) y control. En ambos grupos siete pruebas de movilidad y encuesta de calidad de vida SF-36 al inicio y al final.&#xd;
-Resultados: La prevalencia de caídas fue del 16,7%. La calidad de vida fue peor en las mujeres y en las personas que sufrieron caídas. La intervención produjo una mejoría estadísticamente significativa en el grupo de intervención en seis de siete pruebas de movilidad y en el SF-36.&#xd;
-Discusión: Se recomienda aumentar la duración de la intervención. &#xd;
-Conclusiones principales: La intervención fue eficaz.</subfield>
</datafield>
<datafield tag="024" ind2=" " ind1="8">
<subfield code="a">http://uvadoc.uva.es/handle/10324/1027</subfield>
</datafield>
<datafield tag="024" ind2=" " ind1="8">
<subfield code="a">b1633432</subfield>
</datafield>
<datafield tag="024" ind2=" " ind1="8">
<subfield code="a">10.35376/10324/1027</subfield>
</datafield>
<datafield ind1=" " ind2=" " tag="653">
<subfield code="a">Fisioterapia</subfield>
</datafield>
<datafield ind1=" " ind2=" " tag="653">
<subfield code="a">Calidad de vida</subfield>
</datafield>
<datafield ind1=" " ind2=" " tag="653">
<subfield code="a">Personas de edad-Fracturas</subfield>
</datafield>
<datafield tag="245" ind1="0" ind2="0">
<subfield code="a">Impacto de un programa de fisioterapia sobre la movilidad, el equilibrio y la calidad de vida de las personas mayores</subfield>
</datafield>
</record></metadata></record></GetRecord></OAI-PMH>